[Event "Velka cena Tabora"]
[Site "?"]
[Date "2018.08.05"]
[Round "9.16"]
[White "Korinkova, Eva"]
[Black "Rolinek, Dominik"]
[Result "1-0"]
[WhiteElo "1850"]
[BlackElo "2004"]
[PlyCount "107"]
[EventDate "2018.??.??"]

1. e4 e5 2. Nf3 d6 3. d4 Nf6 4. Nc3 Nbd7 5. Bc4 Be7 6. O-O O-O 7. Re1 c6 8.
dxe5 dxe5 9. a4 Qc7 10. Bg5 h6 11. Bh4 Nb6 12. Bb3 Bg4 13. h3 Bh5 14. g4 Bg6
15. Bg3 Nbd7 16. Nh4 Bh7 17. Nf5 Bb4 18. Qf3 Bxf5 19. exf5 Qa5 20. Re3 Bxc3 21.
Rxc3 Rfe8 22. Rd1 e4 23. Qe3 Rad8 24. Kg2 Qb6 25. Bf4 Qxe3 26. Rxe3 Nc5 27.
Rxd8 Rxd8 28. Be5 Nd5 29. Re2 f6 30. Bg3 Nxb3 31. cxb3 Re8 32. Bd6 Kf7 33. Kg3
b6 34. Bf4 Re7 35. Bd2 Ke8 36. Kg2 Kd7 37. Kf1 Kd6 38. Kg2 Kc5 39. Kg3 b5 40.
Be1 e3 41. fxe3 bxa4 42. bxa4 Kc4 43. e4 Nb4 44. Kf3 Kb3 45. a5 Ka4 46. Bc3 Nd3
47. Re3 Ne5+ 48. Kf4 Nc4 49. Rd3 Nxa5 50. Rd4+ Kb5 51. Rb4+ Kc5 52. Ra4 Nc4 53.
b3 Nb6 54. Ra5+ 1-0

[Event "Velka cena Tabora"]
[Site "?"]
[Date "2018.08.05"]
[Round "9.17"]
[White "Slajs, Vlastimil"]
[Black "Bukowska, Katrzyna"]
[Result "0-1"]
[WhiteElo "1805"]
[BlackElo "1921"]
[PlyCount "75"]
[EventDate "2018.??.??"]

1. d4 d5 2. Nf3 Nf6 3. Bf4 c5 4. e3 Nc6 5. c3 Qb6 6. Qb3 c4 7. Qxb6 axb6 8.
Nbd2 b5 9. Ne5 b4 10. Nxc6 bxc6 11. cxb4 e6 12. Be2 Bxb4 13. f3 Bd7 14. Kd1 Ke7
15. Kc2 c5 16. g4 Rhc8 17. Rhc1 cxd4 18. exd4 c3 19. bxc3 Bxc3 20. Rab1 Rxa2+
21. Kd3 Ra3 22. Nb3 Bb4 23. Rxc8 Bxc8 24. Kc2 Ra2+ 25. Rb2 Rxb2+ 26. Kxb2 Bd6
27. Bxd6+ Kxd6 28. f4 Ne4 29. Bd3 Nf2 30. Be2 Nh3 31. Bd3 Nxf4 32. Bxh7 g6 33.
h4 Ke7 34. h5 gxh5 35. gxh5 Nxh5 36. Bd3 Kf6 37. Bf1 Kf5 38. Kc3 0-1

[Event "Velka cena Tabora"]
[Site "?"]
[Date "2018.08.05"]
[Round "9.18"]
[White "Hasek, Vaclav"]
[Black "Filip, Valtr"]
[Result "1/2-1/2"]
[WhiteElo "1913"]
[BlackElo "1800"]
[PlyCount "76"]
[EventDate "2018.??.??"]

1. Nf3 Nf6 2. d4 e6 3. c4 b6 4. g3 Bb7 5. Bg2 Bb4+ 6. Bd2 Bxd2+ 7. Nbxd2 O-O 8.
O-O d5 9. cxd5 Bxd5 10. Qc2 Nbd7 11. b4 Qe7 12. b5 Rfc8 13. Rac1 c5 14. bxc6
Rxc6 15. Qa4 Rxc1 16. Rxc1 a6 17. Rc7 Qd6 18. Rc3 b5 19. Qc2 Qb4 20. Rc8+ Rxc8
21. Qxc8+ Nf8 22. Qxa6 Qb2 23. a3 Qa1+ 24. Bf1 b4 25. e4 Bxe4 26. axb4 Qc3 27.
Nxe4 Nxe4 28. Qe2 Nd6 29. b5 Nxb5 30. Qxb5 Qxf3 31. h4 h6 32. Qc5 Qg4 33. d5
exd5 34. Qxd5 Qe6 35. Qd8 Qd7 36. Qa8 g6 37. Bc4 Qe7 38. Kg2 Kg7 1/2-1/2

[Event "Velka cena Tabora"]
[Site "?"]
[Date "2018.08.05"]
[Round "9.19"]
[White "Mosnicka, Jan"]
[Black "Zidu, Jan"]
[Result "1/2-1/2"]
[WhiteElo "1836"]
[BlackElo "1913"]
[PlyCount "20"]
[EventDate "2018.??.??"]

1. e4 c5 2. g3 Nc6 3. Bg2 d6 4. Ne2 Nf6 5. O-O g6 6. c3 Bg7 7. d4 cxd4 8. Nxd4
Bd7 9. Na3 O-O 10. Nac2 Qc8 1/2-1/2

[Event "Velka cena Tabora"]
[Site "?"]
[Date "2018.08.05"]
[Round "9.31"]
[White "Hercik, Josef"]
[Black "Petr, Josef"]
[Result "1-0"]
[WhiteElo "1871"]
[BlackElo "1608"]
[PlyCount "65"]
[EventDate "2018.??.??"]

1. d4 Nf6 2. Nf3 g6 3. c4 Bg7 4. Nc3 O-O 5. e4 d6 6. h3 e5 7. d5 h6 8. Bd3 Na6
9. Be3 Kh7 10. Rc1 b6 11. a3 Nc5 12. Bc2 Ng8 13. b4 Nd7 14. g4 a5 15. b5 Nc5
16. a4 Ne7 17. Rg1 Bd7 18. Qd2 Qc8 19. Ke2 f5 20. gxf5 gxf5 21. Rxg7+ Kxg7 22.
Bxh6+ Kf7 23. Bxf8 Qxf8 24. Qg5 Ke8 25. Rg1 f4 26. h4 Kd8 27. h5 Be8 28. Nh4
Kc8 29. h6 Kb7 30. Qg7 Bh5+ 31. f3 Re8 32. h7 Qh8 33. Rg5 1-0

[Event "Velka cena Tabora"]
[Site "?"]
[Date "2018.08.05"]
[Round "9.32"]
[White "Nechutny, Michal"]
[Black "Rolinkova, Lucie"]
[Result "1/2-1/2"]
[WhiteElo "1746"]
[BlackElo "1540"]
[PlyCount "26"]
[EventDate "2018.??.??"]

1. e4 c5 2. c3 e6 3. d4 cxd4 4. cxd4 d5 5. exd5 exd5 6. Nf3 Bd6 7. Nc3 Nf6 8.
Bd3 Nc6 9. O-O O-O 10. Bg5 Be6 11. Re1 h6 12. Be3 Rc8 13. h3 Re8 1/2-1/2

[Event "Velka cena Tabora"]
[Site "?"]
[Date "2018.08.05"]
[Round "9.33"]
[White "Sedivy, Karel"]
[Black "Stastna, Martina"]
[Result "1/2-1/2"]
[WhiteElo "1741"]
[BlackElo "1531"]
[PlyCount "80"]
[EventDate "2018.??.??"]

1. d4 d5 2. c4 e6 3. Nf3 Nf6 4. Bg5 Nbd7 5. e3 Be7 6. Bd3 Ne4 7. Bxe7 Qxe7 8.
Bxe4 dxe4 9. Nfd2 Nf6 10. Nc3 O-O 11. Qc2 e5 12. d5 Bf5 13. h3 Bg6 14. O-O Nh5
15. Qb3 f5 16. Ne2 f4 17. f3 exf3 18. Nxf3 Be4 19. exf4 exf4 20. Rae1 Qc5+ 21.
Kh2 b6 22. Qc3 Rae8 23. b4 Qd6 24. Ned4 Bxf3 25. Rxf3 Ng3 26. Rxe8 Rxe8 27. Ne6
Re7 28. Qd3 Rf7 29. Ng5 Rf5 30. Ne6 Rf7 31. c5 Qe5 32. Qb5 Re7 33. Qc6 Nf5 34.
Qa8+ Kf7 35. Qc8 Kg6 36. Nxf4+ Kh6 37. Qa8 Nd4 38. Rf1 Rf7 39. g3 Rxf4 40. Rxf4
Qe2+ 1/2-1/2

[Event "Velka cena Tabora"]
[Site "?"]
[Date "2018.08.05"]
[Round "9.34"]
[White "Chval, Zdenek ml"]
[Black "Vasicek, Milan"]
[Result "1-0"]
[WhiteElo "1360"]
[BlackElo "1630"]
[PlyCount "63"]
[EventDate "2018.??.??"]

1. e4 e5 2. Nf3 Nc6 3. Bc4 d6 4. d3 Nf6 5. c3 Be7 6. Nbd2 Be6 7. Bb3 d5 8. O-O
Bg4 9. h3 Bh5 10. Re1 O-O 11. exd5 Nxd5 12. g4 Bg6 13. Nxe5 Nxe5 14. Rxe5 Nf4
15. Qf3 Nxd3 16. Rd5 Bd6 17. Nc4 Qe7 18. Rxd3 Qe1+ 19. Kg2 Be4 20. Nxd6 Bxf3+
21. Rxf3 Qe7 22. Nxf7 Rxf7 23. Rxf7 Qe4+ 24. Kg3 Kh8 25. Be3 h6 26. Bd4 Rg8 27.
Rxc7 Qg6 28. Re1 Qd6+ 29. Be5 Qd3+ 30. Re3 Qg6 31. Bxg8 Kxg8 32. Rxg7+ 1-0

[Event "Velka cena Tabora"]
[Site "?"]
[Date "2018.08.05"]
[Round "9.35"]
[White "Havelka, Stanislav"]
[Black "Hanzl, Tadeas"]
[Result "0-1"]
[WhiteElo "1000"]
[BlackElo "1614"]
[PlyCount "50"]
[EventDate "2018.??.??"]

1. e4 c5 2. Nf3 g6 3. d4 Bg7 4. Nc3 cxd4 5. Nxd4 Nc6 6. Be3 Nf6 7. f3 O-O 8.
Bc4 d6 9. O-O Bd7 10. Qd2 Rc8 11. Bb3 a6 12. Rad1 Qc7 13. Bh6 Nxd4 14. Bxg7
Nxf3+ 15. gxf3 Kxg7 16. Kh1 b5 17. Nd5 Nxd5 18. Bxd5 Qxc2 19. Qd4+ Kg8 20. Rg1
Qe2 21. Rg3 Rc2 22. Qg1 Kg7 23. h4 Qf2 24. h5 Qxg1+ 25. Rdxg1 Rxb2 0-1

[Event "Velka cena Tabora"]
[Site "?"]
[Date "2018.08.05"]
[Round "9.36"]
[White "Habada, Jindrich"]
[Black "Vojta, Ladislav"]
[Result "1-0"]
[WhiteElo "1803"]
[BlackElo "1468"]
[PlyCount "67"]
[EventDate "2018.??.??"]

1. e4 e5 2. Nf3 Nc6 3. d4 exd4 4. Nxd4 Nxd4 5. Qxd4 d6 6. Nc3 c5 7. Qd3 Nf6 8.
Bf4 Be7 9. O-O-O Ng4 10. Qd2 h6 11. f3 Ne5 12. Bb5+ Nc6 13. Bxd6 Bxd6 14. Bxc6+
bxc6 15. Qxd6 Qxd6 16. Rxd6 Bb7 17. Na4 Ke7 18. Rhd1 Rhd8 19. Rxd8 Rxd8 20.
Rxd8 Kxd8 21. Nxc5 Bc8 22. Kd2 Ke7 23. Kd3 Kd6 24. Kd4 f6 25. c4 g6 26. b4 a6
27. g3 Kc7 28. f4 Kb6 29. e5 fxe5+ 30. fxe5 Kc7 31. a3 Kd8 32. a4 Bd7 33. Nxd7
Kxd7 34. Kc5 1-0

[Event "Velka cena Tabora"]
[Site "?"]
[Date "2018.08.05"]
[Round "9.37"]
[White "Veverkova, Dorota"]
[Black "Svec, Viteslav"]
[Result "0-1"]
[WhiteElo "1277"]
[BlackElo "1632"]
[PlyCount "58"]
[EventDate "2018.??.??"]

1. d4 d5 2. c4 e6 3. Nc3 Nf6 4. Bg5 Bb4 5. e3 O-O 6. Nf3 h6 7. Bh4 Nbd7 8. Bd3
c5 9. O-O cxd4 10. Nxd4 dxc4 11. Bxc4 Bxc3 12. bxc3 Qa5 13. Qc2 b6 14. Rfd1 Qh5
15. Bg3 Re8 16. Nf3 Nc5 17. Ne5 Nce4 18. Bf4 g5 19. Bg3 Nxg3 20. fxg3 Ng4 21.
Nxg4 Qxg4 22. Rf1 Qxc4 23. Qf2 Qc7 24. Qf6 Qe7 25. Qxh6 f5 26. g4 Qg7 27. Qh5
Rf8 28. gxf5 exf5 29. Qf3 Be6 0-1

[Event "Velka cena Tabora"]
[Site "?"]
[Date "2018.08.05"]
[Round "9.38"]
[White "Kukacka, Ladislav"]
[Black "Privoznik, Lubos"]
[Result "1/2-1/2"]
[WhiteElo "1549"]
[BlackElo "1665"]
[PlyCount "45"]
[EventDate "2018.??.??"]

1. d4 d5 2. Bf4 Nf6 3. Nf3 Nc6 4. h3 Bf5 5. c3 h6 6. Nbd2 e6 7. e3 Be7 8. Be2
O-O 9. O-O a6 10. c4 Ne4 11. a3 Na5 12. cxd5 exd5 13. Rc1 Nc6 14. Qb3 Na5 15.
Qa4 c6 16. b4 Nc4 17. Nxc4 b5 18. Qd1 bxc4 19. Ne5 Rc8 20. f3 Nf6 21. g4 Be6
22. e4 Nd7 23. Nxc6 1/2-1/2

[Event "Velka cena Tabora"]
[Site "?"]
[Date "2018.08.05"]
[Round "9.39"]
[White "Trcka, Bohdan"]
[Black "Rolinkova, Adela"]
[Result "1-0"]
[WhiteElo "1564"]
[BlackElo "1129"]
[PlyCount "115"]
[EventDate "2018.??.??"]

1. e4 d6 2. Be2 e5 3. d3 Nf6 4. g4 g6 5. g5 Nfd7 6. h4 Bg7 7. c3 c5 8. f4 Nc6
9. f5 f6 10. fxg6 hxg6 11. Bf3 Nb6 12. Na3 Be6 13. h5 fxg5 14. hxg6 Rxh1 15.
Bxh1 g4 16. Ne2 Qf6 17. Be3 Qxg6 18. Kd2 O-O-O 19. Qg1 Bh6 20. b3 Bxe3+ 21.
Qxe3 Rf8 22. Rg1 Rf6 23. c4 Qf7 24. Nb5 Kd7 25. Nbc3 Rf1 26. Nd5 Bxd5 27. cxd5
Nb4 28. a3 Rxg1 29. Qxg1 Na6 30. Qxg4+ Kc7 31. Bf3 Qd7 32. Qf5 Qxf5 33. exf5
Kd8 34. Be4 Ke7 35. Nc3 Nc7 36. b4 c4 37. a4 cxd3 38. Kxd3 Ne8 39. a5 Nd7 40.
Ne2 Ng7 41. Ng3 Kf6 42. Bg2 Nf8 43. Ne4+ Kf7 44. Nxd6+ Kf6 45. Nxb7 Nxf5 46. b5
Ke7 47. Ke4 Kf6 48. Kd3 Ke7 49. Bh3 Nd6 50. Nxd6 Kxd6 51. Ke4 Ng6 52. Be6 Ne7
53. b6 axb6 54. axb6 Ng6 55. b7 Kc7 56. Bc8 Kb8 57. d6 Nf8 58. Kxe5 1-0

[Event "Velka cena Tabora"]
[Site "?"]
[Date "2018.08.05"]
[Round "9.40"]
[White "Sindelka, Vladimir"]
[Black "Kratochvil, Milos"]
[Result "0-1"]
[WhiteElo "1489"]
[BlackElo "1000"]
[PlyCount "54"]
[EventDate "2018.??.??"]

1. e4 e5 2. Nc3 Nf6 3. f4 d5 4. fxe5 Nxe4 5. d3 Qh4+ 6. g3 Nxg3 7. Nf3 Qh5 8.
Nxd5 Bg4 9. Bg2 Bxf3 10. Bxf3 Qxe5+ 11. Kf2 Bc5+ 12. Be3 Bxe3+ 13. Nxe3 Nxh1+
14. Qxh1 c6 15. Re1 O-O 16. c3 Nd7 17. d4 Qb5 18. b3 Qa5 19. b4 Qxa2+ 20. Re2
Qe6 21. d5 Qf6 22. dxc6 bxc6 23. Ng4 Qxc3 24. Bxc6 Qd4+ 25. Kg3 Rad8 26. Re4
Qd6+ 27. Kf3 Qxc6 0-1

[Event "Velka cena Tabora"]
[Site "?"]
[Date "2018.07.29"]
[Round "1.41"]
[White "Nagyova, Daniela"]
[Black "Sourek, Martin"]
[Result "0-1"]
[WhiteElo "1238"]
[BlackElo "1872"]
[PlyCount "66"]
[EventDate "2018.??.??"]

1. e4 c5 2. Nf3 Nc6 3. d4 cxd4 4. Nxd4 Nf6 5. Nc3 e5 6. Ndb5 d6 7. Bg5 a6 8.
Bxf6 gxf6 9. Na3 b5 10. Nd5 Bg7 11. Qf3 O-O 12. O-O-O Be6 13. h4 Rc8 14. h5 h6
15. Qe3 Nd4 16. f4 Rc5 17. c3 Bxd5 18. exd5 b4 19. Nb1 Qa5 20. Kd2 bxc3+ 21.
Nxc3 Rb8 22. Rb1 Rxd5 23. Bd3 e4 24. Qxe4 Rc5 25. Qxd4 f5 26. Qxd6 Bxc3+ 27.
Kd1 Rd8 28. Qxh6 Rxd3+ 29. Ke2 Bg7 30. Qg5 Qd2+ 31. Kf1 Rc1+ 32. Rxc1 Qxc1+ 33.
Ke2 Qe3+ 0-1

[Event "Velka cena Tabora"]
[Site "?"]
[Date "2018.07.29"]
[Round "1.43"]
[White "Vojtek, Pavel"]
[Black "Otradovec, Lubos"]
[Result "0-1"]
[WhiteElo "1212"]
[BlackElo "1871"]
[PlyCount "78"]
[EventDate "2018.??.??"]

1. e4 d5 2. exd5 Qxd5 3. Nc3 Qa5 4. Nf3 Nf6 5. Be2 c6 6. O-O Bf5 7. d4 e6 8.
Bd2 Bb4 9. a3 Bxc3 10. Bxc3 Qc7 11. h3 Nbd7 12. Nh4 Be4 13. Bf3 O-O 14. Bd2
Rfd8 15. Re1 Bd5 16. Bxd5 cxd5 17. Nf3 Rac8 18. c3 Ne4 19. Ne5 Nxe5 20. dxe5
Nxd2 21. Qxd2 Qb6 22. Re2 d4 23. cxd4 Rxd4 24. Qe1 Qb3 25. f3 h6 26. Qf2 Rcd8
27. Rae1 a6 28. Re3 Qb5 29. Qe2 Qb6 30. Kf1 Rd2 31. Qc4 Rxb2 32. R1e2 Rdd2 33.
Rxd2 Rxd2 34. Qb3 Qd4 35. Qc3 Qd5 36. Ke1 Rxg2 37. Rd3 Qa2 38. Rd2 Qb1+ 39. Rd1
Rg1+ 0-1

[Event "Velka cena Tabora"]
[Site "?"]
[Date "2018.07.29"]
[Round "1.44"]
[White "Placer, Sebastian"]
[Black "Dofek, Tomas"]
[Result "1-0"]
[WhiteElo "1868"]
[BlackElo "1158"]
[PlyCount "93"]
[EventDate "2018.??.??"]

1. d4 d5 2. Bf4 Nf6 3. e3 Nc6 4. Bb5 Bd7 5. Nf3 e6 6. O-O Be7 7. c3 O-O 8. Bxc6
Bxc6 9. Ne5 Bb5 10. Re1 Bd6 11. Bg3 Ne4 12. Nd3 Nxg3 13. hxg3 Qf6 14. a4 Bd7
15. Nd2 c6 16. e4 dxe4 17. Nxe4 Qe7 18. Ndc5 Rab8 19. Qc2 Bxc5 20. Nxc5 Qd6 21.
Qe4 Rfe8 22. Qe5 Qe7 23. Qc7 Bc8 24. Qxb8 a6 25. Ne4 Rd8 26. Qf4 h6 27. Nd2 f6
28. Qe3 Qf7 29. a5 Rd5 30. Nc4 Qe7 31. Nb6 Rd8 32. Nxc8 Rxc8 33. Qxe6+ Qxe6 34.
Rxe6 Rc7 35. Rae1 Rf7 36. c4 Rd7 37. d5 cxd5 38. cxd5 Rxd5 39. b4 Rd7 40. Rb6
Rc7 41. b5 axb5 42. Rxb5 Rd7 43. Reb1 Kf8 44. Rxb7 Rd8 45. Rb8 Rxb8 46. Rxb8+
Ke7 47. a6 1-0

[Event "Velka cena Tabora"]
[Site "?"]
[Date "2018.07.29"]
[Round "1.45"]
[White "Rolinkova, Adela"]
[Black "Van Nieuwenhuizen, Hans"]
[Result "0-1"]
[WhiteElo "1129"]
[BlackElo "1864"]
[PlyCount "132"]
[EventDate "2018.??.??"]

1. e4 g6 2. d4 Bg7 3. Nf3 d6 4. Nc3 Nf6 5. Bd3 O-O 6. O-O Nc6 7. Bg5 Bg4 8. Re1
Nxd4 9. Be2 Nxe2+ 10. Qxe2 e5 11. h3 Be6 12. a3 h6 13. Bh4 g5 14. Bg3 Nh5 15.
Rad1 Nxg3 16. fxg3 g4 17. hxg4 Bxg4 18. Qe3 Kh7 19. Kf2 Bxf3 20. gxf3 Qg5 21.
Qxg5 hxg5 22. Rh1+ Kg6 23. Nd5 Rh8 24. Nxc7 Rxh1 25. Rxh1 Rc8 26. Nb5 Rxc2+ 27.
Kf1 Rxb2 28. Nxa7 Rb3 29. Kg2 Rxa3 30. Nc8 Ra2+ 31. Kh3 Bf8 32. Kg4 Rc2 33. Nb6
Bg7 34. Rh5 f6 35. Nd5 Kf7 36. Ne3 Rd2 37. Nf5 Kg8 38. Rh1 Rb2 39. Rc1 b5 40.
Rc8+ Bf8 41. Nxd6 b4 42. Rb8 b3 43. Nc4 Rc2 44. Ne3 Rc3 45. Nd5 Rd3 46. Nxf6+
Kf7 47. Nd5 Ba3 48. Nb6 Rd4 49. Nd5 b2 50. Nc3 Rb4 51. Rxb4 Bxb4 52. Nb1 Be1
53. f4 Bxg3 54. Kxg3 gxf4+ 55. Kf3 Ke6 56. Ke2 Kd6 57. Kd3 Kc5 58. Kc2 Kd4 59.
Nc3 f3 60. Nd1 Kxe4 61. Kxb2 Kd3 62. Kc1 e4 63. Nf2+ Ke3 64. Nd1+ Ke2 65. Nc3+
Kd3 66. Nxe4 Kxe4 0-1

[Event "Velka cena Tabora"]
[Site "?"]
[Date "2018.07.29"]
[Round "1.46"]
[White "Plasil, Vojtech"]
[Black "Tipplova, Adela"]
[Result "1-0"]
[WhiteElo "1859"]
[BlackElo "1117"]
[PlyCount "75"]
[EventDate "2018.??.??"]

1. e4 e5 2. Nf3 Nc6 3. d4 exd4 4. Nxd4 Nf6 5. Nxc6 bxc6 6. e5 Nd5 7. c4 Nb6 8.
Bd3 d5 9. exd6 cxd6 10. O-O Be7 11. Nc3 O-O 12. Bf4 Bg5 13. Bxd6 Re8 14. c5 Nd7
15. Ne4 Be7 16. Qc2 Bf6 17. Rad1 Nf8 18. Rfe1 Be6 19. b4 Ng6 20. b5 Rc8 21.
bxc6 Qa5 22. Nxf6+ gxf6 23. Qb2 Kg7 24. h3 Rxc6 25. Bb5 Bd7 26. Rxe8 Bxe8 27.
Bxc6 Bxc6 28. Qd2 Qa6 29. f4 Nh4 30. Qf2 Nf5 31. g4 Nxd6 32. Rxd6 Qb5 33. g5 f5
34. Qd4+ Kf8 35. Rd8+ Be8 36. Kf2 Qb1 37. Qh8+ Ke7 38. Qxe8# 1-0

[Event "Velka cena Tabora"]
[Site "?"]
[Date "2018.07.29"]
[Round "1.47"]
[White "Havelkova, Beata"]
[Black "Lauko, Marian"]
[Result "0-1"]
[WhiteElo "1100"]
[BlackElo "1853"]
[PlyCount "66"]
[EventDate "2018.??.??"]

1. e4 e6 2. d4 d5 3. Nd2 Nf6 4. e5 Nfd7 5. Bd3 c5 6. c3 cxd4 7. cxd4 Nc6 8. Ne2
Qb6 9. Nf3 Bb4+ 10. Bd2 Qa5 11. O-O Bxd2 12. Nxd2 Qb6 13. Nb3 a5 14. Bc2 a4 15.
Nbc1 Qxb2 16. Rb1 Qa3 17. Nd3 g6 18. Qd2 h5 19. Nb4 Nxb4 20. Rxb4 Nb8 21. f4
Nc6 22. Rfb1 Nxb4 23. Rxb4 Bd7 24. Bd1 b5 25. Ng3 h4 26. Nf1 Rc8 27. Ne3 Qc3
28. Qxc3 Rxc3 29. Kf2 Ke7 30. Ke2 Rhc8 31. Kd2 Ra3 32. Rb2 Rcc3 33. Be2 Rxe3
0-1

[Event "Velka cena Tabora"]
[Site "?"]
[Date "2018.07.29"]
[Round "1.48"]
[White "Rybin, Jan"]
[Black "Havelka, Stanislav"]
[Result "1-0"]
[WhiteElo "1851"]
[BlackElo "1000"]
[PlyCount "27"]
[EventDate "2018.??.??"]

1. d4 d5 2. Nf3 e6 3. e3 Nd7 4. Bd3 Bd6 5. Nbd2 Ne7 6. O-O Ng6 7. Re1 e5 8. e4
dxe4 9. Nxe4 Qe7 10. dxe5 Ndxe5 11. Nxd6+ cxd6 12. Nd4 O-O 13. f4 Nxf4 14. Bxf4
1-0

[Event "Velka cena Tabora"]
[Site "?"]
[Date "2018.07.29"]
[Round "1.49"]
[White "Kratochvil, Milos"]
[Black "Korinkova, Eva"]
[Result "1-0"]
[WhiteElo "1000"]
[BlackElo "1850"]
[PlyCount "46"]
[EventDate "2018.??.??"]

1. e4 c5 2. Nf3 Nc6 3. d4 cxd4 4. Nxd4 g6 5. Bc4 Bg7 6. c3 Nf6 7. Qc2 O-O 8.
Be3 d5 9. Bd3 Ne5 10. exd5 Nxd3+ 11. Qxd3 Qxd5 12. Ke2 Qxg2 13. Nd2 Bg4+ 14.
N4f3 Rfd8 15. Rag1 Bxf3+ 16. Nxf3 Qxf3+ 17. Kxf3 Rxd3 18. Ke2 Rad8 19. h3 R3d7
20. c4 b6 21. f3 Nh5 22. b3 Bd4 23. Rd1 Ng3+ 1-0

[Event "Velka cena Tabora"]
[Site "?"]
[Date "2018.07.29"]
[Round "1.50"]
[White "Rolinek, Frantisek"]
[Black "Postl, Frantisek"]
[Result "1-0"]
[WhiteElo "1849"]
[BlackElo "1000"]
[PlyCount "39"]
[EventDate "2018.??.??"]

1. e4 e5 2. Nf3 Nf6 3. Nxe5 d6 4. Nf3 Nxe4 5. d3 Nf6 6. Bg5 Be7 7. Nc3 O-O 8.
Be2 b6 9. O-O Bb7 10. Re1 Nbd7 11. d4 d5 12. Bd3 c5 13. Bf5 h6 14. Bh4 Bd6 15.
Ne5 Nxe5 16. dxe5 Bc7 17. exf6 g5 18. Bxg5 hxg5 19. Qh5 Qxf6 20. Qh7# 1-0

[Event "Velka cena Tabora"]
[Site "?"]
[Date "2018.08.02"]
[Round "6.31"]
[White "Otradovec, Lubos"]
[Black "Zimovcak, Zdenek"]
[Result "1-0"]
[WhiteElo "1871"]
[BlackElo "1609"]
[PlyCount "95"]
[EventDate "2018.??.??"]
[SourceDate "2018.08.05"]

1. e4 c5 2. Nf3 Nc6 3. Bb5 Qc7 4. O-O a6 5. Bxc6 Qxc6 6. Nc3 d6 7. h3 e5 8. d3
Nf6 9. Nh2 h6 10. f4 Be7 11. fxe5 dxe5 12. Nf3 Qd6 13. b3 Be6 14. Bb2 Nd7 15.
Qe1 Bf6 16. Nd2 O-O 17. Nc4 Bxc4 18. dxc4 Rae8 19. Rd1 Qc6 20. Qg3 Bd8 21. Nd5
Re6 22. Rf5 f6 23. Qg6 Rf7 24. Bc1 Nf8 25. Qg4 Kh8 26. Rh5 Rd6 27. Rf1 Qd7 28.
Qg3 Qe8 29. Ne3 Qd7 30. Qf3 Qe6 31. Nf5 Rdd7 32. Be3 b6 33. Qg3 Nh7 34. Qg6 Nf8
35. Qg3 Nh7 36. Rh4 Qe8 37. Rg4 Qf8 38. Nh4 Qe8 39. Ng6+ Kg8 40. a4 a5 41. Rf5
Bc7 42. Rh5 Ng5 43. h4 Rd1+ 44. Kh2 Rfd7 45. hxg5 Qxg6 46. Rxh6 Qf7 47. gxf6
Rf1 48. Rxg7+ 1-0